000
00349nam a22001337a 4500
003
OSt
005
20120302144637.0
008
090330t xxu||||| |||| 00| 0 eng d
035
_a
१८१८
040
_c
मराठी
100
_a
साठे, शंकर गो.
_9
2670
245
_a
ससा आणि कासव
942
_2
ddc
_c
BOOK
999
_c
487833
_d
487830